=LDR 00000nam 2200000 4500 =001 NUTBA000000000004512 =005 20140916100628.0 =006 =007 =008 =020 ##$$a 978-979-1401-00-5 =035 ##$$a 0010-091400000000545 =040 ##$$a NBPDMAT =082 ##$$a 372.65 =084 ##$$a 372.65 Asr i =100 ##$$a Asrifin An Nakhrawie =245 ##$$a Intisari bahsa Sastra Indonesia SD ringkasan materi lengkap untuk Kelas ,4,5 dan 6 / $c Asrifin An Nakhrawie =260 ##$$a [S.L] : $b Agung Media Mulia , $c 2006 =300 ##$$a iv, 203 hlm. : $b ilus. ; $c 21 cm. =650 ##$$a Bahasa Indonesia =990 ##$$a 21409572 =990 ##$$a 0001/BPAP-NTB/20142014 =990 ##$$a 0001/BPAP-NTB/20142014 =990 ##$$a 0001/BPAP-NTB/20142014 =990 ##$$a 0001/BPAP-NTB/20142014 =990 ##$$a 0001/BPAP-NTB/20142014